Southville International School and Colleges
Your cart is empty.
  • Cart
  • Lists
    Public lists Eva Luna New books Lux_list list_1
    Your lists Log in to create your own lists
  • Log in to your account
  • Your cookies
  • Search history
Southville International School and Colleges
  • Advanced search
  • Recent comments
  • Most popular
  • Libraries

Log in to your account

Log in with GOOGLE


If you do not have an external account, but do have a local account, you can still log in:

  1. Home
  2. MARC view: Bones Maloney and the raspberry spiders /
Normal view MARC view ISBD view

Bones Maloney and the raspberry spiders / (Record no. 111135)

[ view plain ]
MARC details
000 -LEADER
fixed length control field 00545nam a2200181 a 4500
001 - CONTROL NUMBER
control field 0271
005 - DATE AND TIME OF LATEST TRANSACTION
control field 20140414131909.0
008 - FIXED-LENGTH DATA ELEMENTS--GENERAL INFORMATION
fixed length control field 040902s19uu xx 00 eng d
020 ## - INTERNATIONAL STANDARD BOOK NUMBER
International Standard Book Number 1-876289-64-3
050 ## - LIBRARY OF CONGRESS CALL NUMBER
Classification number ER
Item number B63 2002
100 ## - MAIN ENTRY--PERSONAL NAME
Personal name Millard, Glenda
245 ## - TITLE STATEMENT
Title Bones Maloney and the raspberry spiders /
Statement of responsibility, etc Glenda Millard ; illustrated by Matt Cosgrove.
260 ## - PUBLICATION, DISTRIBUTION, ETC. (IMPRINT)
Place of publication, distribution, etc Australia :
Name of publisher, distributor, etc A Margaret Hamilton Book,
Date of publication, distribution, etc 2002.
300 ## - PHYSICAL DESCRIPTION
Extent 1 v. (unp.) : ill. ; cm.
650 ## - SUBJECT ADDED ENTRY--TOPICAL TERM
Topical term or geographic name as entry element Dogs--Fiction.
650 ## - SUBJECT ADDED ENTRY--TOPICAL TERM
Topical term or geographic name as entry element Children stories.
Holdings
Withdrawn status Lost status Damaged status Use restrictions Home library Current library Shelving location Date acquired Source of acquisition Total Checkouts Full call number Barcode Date last seen Price effective from Koha item type
        Munich Library Munich Library Easy Reading Section 09/02/2004     ER B63 2002 M1711 04/14/2014 04/14/2014 Books

Bones Maloney and the raspberry spiders /

APA

Millard G., . (2002). Bones Maloney and the raspberry spiders. Australia: A Margaret Hamilton Book.

Chicago

Millard Glenda, . 2002. Bones Maloney and the raspberry spiders. Australia: A Margaret Hamilton Book.

Harvard

Millard G., . (2002). Bones Maloney and the raspberry spiders. Australia: A Margaret Hamilton Book.

MLA

Millard Glenda, . Bones Maloney and the raspberry spiders. Australia: A Margaret Hamilton Book. 2002.

  • Place hold
  • Print
  • Cite
  • Add to your cart (remove)
  • Save record
    BIBTEX Dublin Core MARCXML MARC (non-Unicode/MARC-8) MARC (Unicode/UTF-8) MARC (Unicode/UTF-8, Standard) MODS (XML) RIS
  • More searches
    Search for this title in:
    Other Libraries (WorldCat) Other Databases (Google Scholar) Online Stores (Bookfinder.com) Open Library (openlibrary.org)

Exporting to Dublin Core...

SOUTHVILLE LIBRARY

Southville International School and Colleges Library

1281 Tropical Ave. Cor. Luxembourg St., BF Homes International, Las Pinas City

Tel. No. 8256374 / 252358 Loc. 117/146

Powered by Koha